<?xml version="1.0" encoding="UTF-8"?><?xml-stylesheet type="text/xsl" href="static/style.xsl"?><OAI-PMH xmlns="http://www.openarchives.org/OAI/2.0/" xmlns:xsi="http://www.w3.org/2001/XMLSchema-instance" xsi:schemaLocation="http://www.openarchives.org/OAI/2.0/ http://www.openarchives.org/OAI/2.0/OAI-PMH.xsd"><responseDate>2026-04-27T21:50:15Z</responseDate><request verb="GetRecord" identifier="oai:uvadoc.uva.es:10324/15544" metadataPrefix="marc">https://uvadoc.uva.es/oai/request</request><GetRecord><record><header><identifier>oai:uvadoc.uva.es:10324/15544</identifier><datestamp>2021-06-29T12:19:10Z</datestamp><setSpec>com_10324_38</setSpec><setSpec>col_10324_852</setSpec></header><metadata><record xmlns="http://www.loc.gov/MARC21/slim" xmlns:doc="http://www.lyncode.com/xoai" xmlns:xsi="http://www.w3.org/2001/XMLSchema-instance" xmlns:dcterms="http://purl.org/dc/terms/" xsi:schemaLocation="http://www.loc.gov/MARC21/slim http://www.loc.gov/standards/marcxml/schema/MARC21slim.xsd">
<leader>00925njm 22002777a 4500</leader>
<datafield tag="042" ind1=" " ind2=" ">
<subfield code="a">dc</subfield>
</datafield>
<datafield tag="720" ind1=" " ind2=" ">
<subfield code="a">Matilla Prada, Alejandro</subfield>
<subfield code="e">author</subfield>
</datafield>
<datafield tag="260" ind1=" " ind2=" ">
<subfield code="c">2015</subfield>
</datafield>
<datafield tag="520" ind1=" " ind2=" ">
<subfield code="a">La situación cambiante de la política española actual ha provocado que se replantee un cambio del obsoleto sistema electoral establecido en España, establecido desde 1978. Es por lo que se estudian diferentes fórmulas mixtas para su posible implantación y corregir esa serie de deficiencias que tiene el sistema actual. Para ello observaremos dos vertientes: por un lado los sistemas electorales mixtos establecidos en Alemania, Japón, Suecia y México, y por otro unas fórmulas teóricas promulgadas por dos autores: Victoriano Ramírez y Rubén Ruiz-Rufino. Extrapolando los datos de las elecciones municipales de 2015 a las elecciones generales mediante el sistema actual trabajaremos con aquellas fórmulas que hayamos podido llevar a la práctica.</subfield>
</datafield>
<datafield tag="024" ind2=" " ind1="8">
<subfield code="a">http://uvadoc.uva.es/handle/10324/15544</subfield>
</datafield>
<datafield ind1=" " ind2=" " tag="653">
<subfield code="a">Elecciones</subfield>
</datafield>
<datafield tag="245" ind1="0" ind2="0">
<subfield code="a">Propuestas de Reforma Electoral:Fórmulas Mixtas</subfield>
</datafield>
</record></metadata></record></GetRecord></OAI-PMH>